Lexicon manuale græco-latinum, & latino-græcum : primò concinnatum, térque editum à Cornelio Schrevelio: postea ... auctum & adornatum, ... Studio atque opera Josephi Hill. ...

Bibliographic Details
Main Author: Schrevel, Cornelis, 1608-1644
Format: eBook
Language:Latin
Published: Londini : Typis G. Bowyer, impensis R. & J. Bonwicke, J. Walthoe, R. Wilkin, & T. Ward, 1725.
Edition:Editio decima prioribus multo emendatior.
Series:Eighteenth century collections online.
Online Access:Full text online

MARC

Tag First Indicator Second Indicator Subfields
LEADER 00000cam a2200000 4500
001 in00001924607
006 m | d |
007 cr |n||||||||n
008 850205s1725 enk|||| s 00||||lat d
005 20260406221049.3
035 |a (CStRLIN)ESTCT154635 
040 |a Uk-ES  |c Uk-ES  |d Cu-RivES  |d CStRLIN  |d Thomson Gale  |d UtOrBLW 
100 1 |a Schrevel, Cornelis,  |d 1608-1644. 
245 1 0 |a Lexicon manuale græco-latinum, & latino-græcum :  |b primò concinnatum, térque editum à Cornelio Schrevelio: postea ... auctum & adornatum, ... Studio atque opera Josephi Hill. ... 
250 |a Editio decima prioribus multo emendatior. 
264 1 |a Londini :  |b Typis G. Bowyer, impensis R. & J. Bonwicke, J. Walthoe, R. Wilkin, & T. Ward,  |c 1725. 
300 |a 6 unnumbered pages, 818p. ;  |c 8⁰. 
336 |a text  |b txt  |2 rdacontent 
337 |a computer  |b c  |2 rdamedia 
338 |a online resource  |b cr  |2 rdacarrier 
500 |a Reproduction of original from the British Library. 
510 4 |a English Short Title Catalog,  |c ESTCT154635. 
533 |a Electronic reproduction.  |b Farmington Hills, Mich. :  |c Thomson Gale,  |d 2003.  |n Available via the World Wide Web.  |n Access limited by licensing agreements  |7 s2003 miunns 
500 |a Electronic resource. 
830 0 |a Eighteenth century collections online. 
856 4 0 |u http://proxy.library.tamu.edu/login?url=https://galenet.galegroup.com/servlet/ECCO?c=1&stp=Author&ste=11&af=BN&ae=T154635&tiPG=1&dd=0&dc=flc&docNum=CW115294146&vrsn=1.0&srchtp=a&d4=0.33&n=10&SU=0LRK&locID=txshracd2898  |z Full text online  |t 0 
999 |a MARS 
999 f f |s 2282abb4-733a-3896-a5a7-5ac283ee73d7  |i 219b758f-27b8-35c9-8f68-bdbcdf92cb22  |t 0 
952 f f |a Texas A&M University  |b College Station  |c Electronic Resources  |s www_evans  |d Available Online  |t 0  |h No information provided 
998 f f |t 0  |l Available Online